| 000 | 00439nam a2200169Ia 4500 | ||
|---|---|---|---|
| 003 | GCL | ||
| 008 | 140319s9999 xx 000 0 eng d | ||
| 040 |
_aGCL / _cGCL |
||
| 082 | 0 | 4 |
_a954.042 _bN J |
| 100 | 1 | _aNEHRU, JAWAHARLAL | |
| 245 | 1 | 0 |
_aJAWAHORLAT NEHRU AN AVTOBIOGRAPHY / _cNEHRU, JAWAHARLAL |
| 260 |
_a[S.N] : _bJAWAHARLAL NEHRU MEMORIAL ، _c1987 |
||
| 300 | _a623 P | ||
| 650 | 0 | 4 | _aINDIA |
| 650 | 0 | 4 | _aNEHRA |
| 942 |
_2ddc _cBK |
||
| 999 |
_c19359 _d19359 |
||